|
|
|
|
| LEADER |
00000nab a2200000 a 4500 |
| 001 |
vtls000572567 |
| 003 |
SK-MaSNL |
| 005 |
20260303013506.0 |
| 008 |
150501c1996 xo 0 slo |
| 015 |
|
|
|a SNBRB19rr/mm-uuuuu
|
| 035 |
|
|
|a CL0572705
|
| 040 |
|
|
|a SNKBUCL
|b slo
|c SNKBUCL
|e AACR2
|
| 041 |
0 |
|
|a slo
|
| 044 |
|
|
|a xo
|c SK
|
| 080 |
|
|
|a 327(437.6:497.1)
|2 1981
|
| 080 |
|
|
|a 327(497.1:437.6)
|2 1981
|
| 080 |
|
|
|a 32-051
|2 1981
|
| 080 |
|
|
|a 06.068
|2 1981
|
| 100 |
1 |
|
|a Tománek, Stanislav
|4 aut
|9 883002
|
| 245 |
1 |
0 |
|a Štyri zmluvné dokumenty solídnym základom spolupráce
|b Vladimírovi Mečiarovi udelili na Univerzite Brača Kariča čestný doktorát
|c Stanislav Tománek
|
| 600 |
1 |
7 |
|a Mečiar, Vladimír,
|d 1942-
|2 snkbucl
|9 10144
|
| 610 |
|
7 |
|a Univerzita Brača Kariča (Belehrad, Srbsko)
|2 snkbucl
|9 994249
|
| 651 |
|
7 |
|a Slovensko
|x politika zahraničná
|x Mečiar, Vladimír, 1942-
|x návšteva Juhoslávie
|y 29.-30.1.1996
|2 snkbucl
|9 994250
|
| 655 |
|
7 |
|a články z novín a časopisov
|2 snkbucl
|9 267496
|
| 773 |
0 |
|
|t Slovenská republika
|g Roč. 3, č. 25 (31. 1. 1996), s. 1 a 7
|
| 850 |
|
|
|a Slovenská národná knižnica v Martine
|a MTA001
|
| 852 |
|
|
|a SNK
|b KIS3GCP
|
| 958 |
|
|
|a RK
|
| 958 |
|
|
|a SK
|
| 992 |
|
|
|a RBX
|
| 999 |
|
|
|c 1602935
|d 1604865
|